[Event "Sakharov Memorial op 4th"]
[Site "Kiev"]
[Date "2005.07.11"]
[Round "7"]
[White "Gunko, Roman"]
[Black "Stratulat, Sergey"]
[Result "0-1"]
[WhiteElo "2295"]
[BlackElo "2252"]
[PlyCount "142"]
[EventDate "2005.07.05"]
[EventType "swiss"]
[EventRounds "9"]
[EventCountry "UKR"]
[SourceTitle "EXT 2006"]
[Source "ChessBase"]
[SourceDate "2005.11.24"]
[SourceVersion "1"]
[SourceVersionDate "2005.11.24"]
[SourceQuality "1"]

1. d4 d6 2. Nf3 Nd7 3. c4 e5 4. Nc3 Ngf6 5. e4 Be7 6. Be2 0-0 7. 0-0 c6 8. Re1 a6 9. d5 cxd5 10. cxd5 b5 11. Bf1 Nb6 12. a3 Bg4 13. h3 Bxf3 14. Qxf3 Nfd7 15. Be3 Bg5 16. Rac1 Bxe3 17. fxe3 Qh4 18. g3 Qf6 19. Qxf6 Nxf6 20. Bd3 Rfc8 21. Nb1 Kf8 22. Kf2 Na4 23. b4 Ke7 24. Ke2 Kd7 25. Kd2 h6 26. Rxc8 Rxc8 27. Rc1 Rxc1 28. Kxc1 Nh5 29. g4 Nf6 30. Nd2 Nb6 31. Kc2 Kc7 32. Bf1 Nh7 33. Nf3 Nd7 34. a4 Kb6 35. a5+ Kc7 36. Kd2 Ndf6 37. Bd3 Ng8 38. Ke2 Ne7 39. Kf2 g6 40. Nh4 Kd7 41. Kg3 Nf6 42. Nf3 Nfxd5 43. exd5 Nxd5 44. Nd2 Nxb4 45. Bb1 Kc6 46. Kf3 Kc5 47. Ne4+ Kd5 48. g5 hxg5 49. Nxg5 f6 50. Be4+ Kc4 51. Nf7 d5 52. Bxg6 e4+ 53. Ke2 Kc3 54. Nd6 Nc6 55. Bf7 f5 56. Bxd5 Ne7 57. Bf7 b4 58. Nb5+ axb5 59. a6 Nc6 60. h4 b3 61. h5 b2 62. Ba2 Kc2 63. h6 Nb4 64. h7 Nxa2 65. h8Q b1Q 66. a7 Nc3+ 67. Kf2 Qd1 68. a8Q Qf3+ 69. Kg1 Ne2+ 70. Kh2 Qg3+ 71. Kh1 Qg1# 0-1

[Event "Sakharov Memorial op 4th"]
[Site "Kiev"]
[Date "2005.07.10"]
[Round "6"]
[White "Marchenko, Vadim"]
[Black "Gunko, Roman"]
[Result "1-0"]
[WhiteElo "2330"]
[BlackElo "2295"]
[PlyCount "69"]
[EventDate "2005.07.05"]
[EventType "swiss"]
[EventRounds "9"]
[EventCountry "UKR"]
[SourceTitle "EXT 2006"]
[Source "ChessBase"]
[SourceDate "2005.11.24"]
[SourceVersion "1"]
[SourceVersionDate "2005.11.24"]
[SourceQuality "1"]

1. c4 g6 2. Nf3 Bg7 3. d4 Nf6 4. Nc3 0-0 5. Bg5 c5 6. e3 h6 7. Bh4 Qa5 8. Qd2 cxd4 9. Nxd4 Nc6 10. Be2 d6 11. 0-0 Bd7 12. Rfd1 g5 13. Bg3 Nxd4 14. exd4 Rfe8 15. d5 Rac8 16. a3 Bf5 17. f3 Nd7 18. b4 Qd8 19. Rac1 a6 20. Bf2 Bf6 21. Na4 e6 22. dxe6 Rxe6 23. Bf1 Be5 24. g3 Qe8 25. Nc3 Nf6 26. Ne2 Qa4 27. Nd4 Bxd4 28. Bxd4 Qxa3 29. Bc3 Qa4 30. h4 Nd7 31. hxg5 Ne5 32. Qf4 Bg6 33. gxh6 Qe8 34. c5 dxc5 35. Bxe5 1-0

[Event "Sakharov Memorial op 4th"]
[Site "Kiev"]
[Date "2005.07.06"]
[Round "2"]
[White "Brozhik, Vasilij"]
[Black "Gunko, Roman"]
[Result "0-1"]
[WhiteElo "2149"]
[BlackElo "2295"]
[PlyCount "80"]
[EventDate "2005.07.05"]
[EventType "swiss"]
[EventRounds "9"]
[EventCountry "UKR"]
[SourceTitle "EXT 2006"]
[Source "ChessBase"]
[SourceDate "2005.11.24"]
[SourceVersion "1"]
[SourceVersionDate "2005.11.24"]
[SourceQuality "1"]

1. d4 Nf6 2. Nf3 g6 3. c4 Bg7 4. Nc3 0-0 5. e4 d6 6. Be2 e5 7. Bg5 h6 8. Bh4 exd4 9. Nxd4 Re8 10. f3 c6 11. Nb3 a5 12. Na4 d5 13. cxd5 cxd5 14. Rc1 Nc6 15. exd5 Nb4 16. Nc3 a4 17. a3 Nbxd5 18. Nxd5 Qxd5 19. Nc5 b6 20. Bxf6 Qxd1+ 21. Rxd1 Bxf6 22. Ne4 Bxb2 23. Rb1 Bd4 24. Bb5 Re7 25. Rd1 Bc5 26. Rd8+ Kg7 27. Bc6 Bb7 28. Rxa8 Bxc6 29. Rc8 Bxe4 30. fxe4 Rxe4+ 31. Kd2 Bxa3 32. Rc7 Re7 33. Rxe7 Bxe7 34. Rb1 Bc5 35. Kd3 f5 36. Kc4 Kf6 37. Re1 a3 38. Kb3 f4 39. Ra1 Kf5 40. h3 h5 0-1

[Event "UKR-chT 10th"]
[Site "Alushta"]
[Date "2002.04.13"]
[Round "4"]
[White "Murko, Viktor"]
[Black "Gunko, Roman"]
[Result "0-1"]
[WhiteElo "2220"]
[BlackElo "2311"]
[PlyCount "66"]
[EventDate "2002.04.09"]
[EventType "team-swiss"]
[EventRounds "9"]
[EventCountry "UKR"]
[SourceTitle "EXT 2019"]
[Source "ChessBase"]
[SourceDate "2018.10.10"]
[SourceVersion "1"]
[SourceVersionDate "2018.10.10"]
[SourceQuality "1"]
[WhiteTeam "Simferopol Crimean Engin and Pedagog"]
[BlackTeam "Cherkasy Etiud"]
[WhiteTeamCountry "UKR"]
[BlackTeamCountry "UKR"]

1. d4 Nf6 2. Nf3 g6 3. Bg5 Bg7 4. Nbd2 0-0 5. e3 b6 6. Bd3 Bb7 7. 0-0 c5 8. c3 d6 9. Qe2 h6 10. Bh4 Nc6 11. Rad1 Rc8 12. Rfe1 Qc7 13. Bb1 Rfe8 14. Bg3 Nh5 15. Nf1 cxd4 16. exd4 Na5 17. Nh4 Nxg3 18. Nxg3 e5 19. dxe5 Rxe5 20. Qd3 Nc4 21. Rxe5 Nxb2 22. Qe2 Nxd1 23. Re8+ Rxe8 24. Qxe8+ Bf8 25. Nhf5 gxf5 26. Nxf5 Nxc3 27. Bd3 Be4 28. Bxe4 Nxe4 29. g4 Qc1+ 30. Kg2 Qf4 31. f3 Ng5 32. Qa8 Ne6 33. Qxa7 Nd4 0-1

[Event "UKR-chT 10th"]
[Site "Alushta"]
[Date "2002.04.12"]
[Round "3"]
[White "Gunko, Roman"]
[Black "Ajrapetjan, Yuriy"]
[Result "1/2-1/2"]
[WhiteElo "2311"]
[BlackElo "2166"]
[PlyCount "126"]
[EventDate "2002.04.09"]
[EventType "team-swiss"]
[EventRounds "9"]
[EventCountry "UKR"]
[SourceTitle "EXT 2019"]
[Source "ChessBase"]
[SourceDate "2018.10.10"]
[SourceVersion "1"]
[SourceVersionDate "2018.10.10"]
[SourceQuality "1"]
[WhiteTeam "Cherkasy Etiud"]
[BlackTeam "Simferopol Blik"]
[WhiteTeamCountry "UKR"]
[BlackTeamCountry "UKR"]

1. d4 Nf6 2. Nf3 g6 3. c4 Bg7 4. Nc3 0-0 5. e4 d6 6. Be2 e5 7. 0-0 Nc6 8. d5 Ne7 9. Ne1 Ne8 10. Nd3 f5 11. Bd2 c6 12. Rc1 cxd5 13. cxd5 Kh8 14. Qb3 Nf6 15. f3 f4 16. Nf2 h5 17. Nb5 Ne8 18. a4 g5 19. h3 Rg8 20. Rc2 Bh6 21. Rfc1 Rg6 22. Nc7 Nxc7 23. Rxc7 g4 24. fxg4 f3 25. Bxh6 hxg4 26. hxg4 fxe2 27. Bd2 Kg8 28. Qf3 Rb8 29. Qxe2 Bd7 30. b3 Nc6 31. R7xc6 bxc6 32. dxc6 Rxb3 33. cxd7 Qxd7 34. g5 Rb2 35. Qd3 Qe6 36. Be3 Rg7 37. Rd1 Rd7 38. a5 Kg7 39. a6 Qa2 40. Re1 Rf7 41. Qxd6 Rbxf2 42. Qxe5+ Kg8 43. Qg3 Re2 44. Rd1 Qa3 45. Rd8+ Rf8 46. Rxf8+ Qxf8 47. Bxa7 Rxe4 48. Bf2 Qg7 49. Qb8+ Qf8 50. a7 Re8 51. Qb3+ Qf7 52. Qxf7+ Kxf7 53. Bg3 Rd8 54. Kh2 Rh8+ 55. Kg1 Rd8 56. Kf2 Rd2+ 57. Ke3 Ra2 58. Bb8 Ra4 59. Kd3 Kg6 60. Kc3 Kxg5 61. Kb3 Ra1 62. Kb4 Kg4 63. Kb5 Rxa7 1/2-1/2

[Event "UKR-chT 10th"]
[Site "Alushta"]
[Date "2002.04.10"]
[Round "1"]
[White "Gunko, Roman"]
[Black "Demkovich, Anatoliy"]
[Result "1/2-1/2"]
[WhiteElo "2311"]
[BlackElo "2402"]
[PlyCount "57"]
[EventDate "2002.04.09"]
[EventType "team-swiss"]
[EventRounds "9"]
[EventCountry "UKR"]
[SourceTitle "EXT 2019"]
[Source "ChessBase"]
[SourceDate "2018.10.10"]
[SourceVersion "1"]
[SourceVersionDate "2018.10.10"]
[SourceQuality "1"]
[WhiteTeam "Cherkasy Etiud"]
[BlackTeam "Zarevo Donetsk"]
[WhiteTeamCountry "UKR"]
[BlackTeamCountry "UKR"]

1. d4 Nf6 2. c4 g6 3. Nc3 d5 4. Bg5 Ne4 5. Bf4 Nxc3 6. bxc3 Bg7 7. e3 0-0 8. Nf3 c5 9. Bd3 dxc4 10. Bxc4 Nc6 11. 0-0 Bg4 12. h3 Bxf3 13. Qxf3 Rc8 14. Rac1 e6 15. Qg3 cxd4 16. cxd4 Re8 17. Rfd1 Qa5 18. d5 exd5 19. Bxd5 Red8 20. Qf3 Rd7 21. Bxc6 Rxd1+ 22. Qxd1 bxc6 23. Qd7 Qa6 24. Bd6 Bf6 25. Bc5 Rd8 26. Qxa7 Qe2 27. Bd4 Bxd4 28. exd4 Qd2 29. Qc5 1/2-1/2